Závisí od domácich podnikateľov v cestovnom ruchu, či Spiš vystúpi z tieňa Tatier
Turistický ruch nie je len ubytovanie a stravovanie, ale aj ďalšie, tzv. doplnkové služby (jazda na koňoch, diskotéky atď.) Počet návštevníkov Spiša každoročne klesá, napriek takým lákadlám, akými je Slovenský raj, Spišský hrad, Levoča. Miestni hotelieri vidia problém v nedostatočnej propagácii regi...
Salvato in:
| Autore principale: | |
|---|---|
| Natura: | Capitolo di libro |
| Lingua: | slovacco |
| Soggetti: | |
| Tags: |
Nessun Tag, puoi essere il primo ad aggiungerne!!
|
MARC
| LEADER | 00000naa a2200000 4500 | ||
|---|---|---|---|
| 001 | r027771 | ||
| 005 | 20230921081014.2 | ||
| 041 | 0 | |a slo | |
| 044 | |a SK | ||
| 245 | 1 | 0 | |a Závisí od domácich podnikateľov v cestovnom ruchu, či Spiš vystúpi z tieňa Tatier |c M. Velecký |
| 520 | |a Turistický ruch nie je len ubytovanie a stravovanie, ale aj ďalšie, tzv. doplnkové služby (jazda na koňoch, diskotéky atď.) Počet návštevníkov Spiša každoročne klesá, napriek takým lákadlám, akými je Slovenský raj, Spišský hrad, Levoča. Miestni hotelieri vidia problém v nedostatočnej propagácii regiónu. Problémy s kvalitou poskytovaných služieb. | ||
| 610 | 2 | 0 | |a ruch cestovný |
| 610 | 2 | 0 | |a ruch cestovný domáci |
| 610 | 2 | 0 | |a Slovensko |
| 610 | 2 | 0 | |a hotely |
| 610 | 2 | 0 | |a služby |
| 610 | 2 | 0 | |a kvalita |
| 610 | 2 | 0 | |a služby doplnkové |
| 610 | 2 | 0 | |a Slovenský raj |
| 610 | 2 | 0 | |a Spišská Nová Ves |
| 610 | 2 | 0 | |a propagácia |
| 610 | 2 | 0 | |a výstavy |
| 610 | 2 | 0 | |a veľtrhy |
| 100 | 1 | |a Velecký, M. | |